000 00792nam a2200229 u 4500
005 20250116063821.0
008 190311s2003 r 000 0 eng d
020 _a9701894790
035 _aUPN01000229524
049 _aLTG
050 4 _aLC3735 M6
_bM6.6
100 1 _aMora Sandoval, Víctor D.
_931577
245 1 0 _aOrganización del trabajo escolar :
_bcuaderno de trabajo para maestras y maestros de educación primaria indígena /
_cVíctor D. Mora Sandoval.
260 _aMéxico :
_bSEP,
_c2003.
300 _a95 p. :
_bil. col.
650 4 _aEducación bilingüe
_zMéxico
_915022
650 4 _aEducación intercultural
_zMéxico
_914189
650 4 _aEducación bilingüe
_vPlanes y programas
_915026
650 2 _aTrabajo escolar
_921183
905 _aLibro
999 _c201619
_d201619